Využitie variantných rozpočtov pri meraní výkonnosti podniku bakalárska práca

Na minha lista:
Detalhes bibliográficos
Autor principal: Dikant, Adam
Autor Corporativo: Fakulta podnikového manažmentu EU. Katedra podnikovohospodárska
Outros Autores: Štetka, Peter, 1986-
Formato: Livro
Idioma:eslovaco
Publicado em: Bratislava 2024
Tags: Adicionar Tag
Sem tags, seja o primeiro a adicionar uma tag!

MARC

LEADER 00000nbm a2200000 4500
001 0301821
005 20250205143253.2
041 0 |a slo 
044 |a SK 
245 1 0 |a Využitie variantných rozpočtov pri meraní výkonnosti podniku  |b bakalárska práca  |c Adam Dikant ; školiteľ: Peter Štetka 
264 1 |a Bratislava  |c 2024 
300 |a 45 s. 
100 1 |a Dikant, Adam 
700 1 |a Štetka, Peter, 1986- 
710 2 |a Fakulta podnikového manažmentu EU. Katedra podnikovohospodárska